Dunkin' Donuts' Locations Around the World-Sudden Death - Statistics

General Stats
  • This quiz has been taken 40 times
  • The average score is 3 of 23
Answers on the Grid
Answers color-coded by a green-red scale on the quiz's grid according to % correct below.
USA
Mexico
Brazil
Canada
Argentina
India
Pakistan
South Korea
Japan
Turkiye
Indonesia
Malaysia
Singapore
Brunei
UK
Finland
Denmark
Saudi Arabia
UAE
Oman
Thailand
Germany
Greece
Taiwan
Bulgaria
Georgia
Lebanon
Qatar
Bahrain
Nepal
Spain
Egypt
 
Answer Stats
Answer % Correct
USA
100%
Mexico
61%
Brazil
26%
India
13%
Pakistan
9%
South Korea
9%
Spain
9%
UK
9%
Bahrain
4%
Brunei
4%
Bulgaria
4%
Egypt
4%
Georgia
4%
Germany
4%
Lebanon
4%
Oman
4%
Qatar
4%
Saudi Arabia
4%
Singapore
4%
Thailand
4%
UAE
4%
Indonesia
0%
Malaysia
0%
No matching quizzes found
Score Distribution
Percent of People with Each Score
Percentile by Number Answered
Your Score History
You have not taken this quiz